<?xml version="1.0" encoding="UTF-8"?><?xml-stylesheet type="text/xsl" href="static/style.xsl"?><OAI-PMH xmlns="http://www.openarchives.org/OAI/2.0/" xmlns:xsi="http://www.w3.org/2001/XMLSchema-instance" xsi:schemaLocation="http://www.openarchives.org/OAI/2.0/ http://www.openarchives.org/OAI/2.0/OAI-PMH.xsd"><responseDate>2026-06-29T02:44:05Z</responseDate><request verb="GetRecord" identifier="oai:docta.ucm.es:20.500.14352/113414" metadataPrefix="marc">https://docta.ucm.es/rest/oai/request</request><GetRecord><record><header><identifier>oai:docta.ucm.es:20.500.14352/113414</identifier><datestamp>2025-01-10T01:16:50Z</datestamp><setSpec>com_20.500.14352_14</setSpec><setSpec>col_20.500.14352_21</setSpec></header><metadata><record xmlns="http://www.loc.gov/MARC21/slim" xmlns:dcterms="http://purl.org/dc/terms/" xmlns:xsi="http://www.w3.org/2001/XMLSchema-instance" xmlns:doc="http://www.lyncode.com/xoai" xsi:schemaLocation="http://www.loc.gov/MARC21/slim http://www.loc.gov/standards/marcxml/schema/MARC21slim.xsd">
   <leader>00925njm 22002777a 4500</leader>
   <datafield ind2=" " ind1=" " tag="042">
      <subfield code="a">dc</subfield>
   </datafield>
   <datafield ind2=" " ind1=" " tag="720">
      <subfield code="a">Adot Lerga, Álvaro</subfield>
      <subfield code="e">author</subfield>
   </datafield>
   <datafield ind2=" " ind1=" " tag="260">
      <subfield code="c">2021</subfield>
   </datafield>
   <datafield ind2=" " ind1=" " tag="520">
      <subfield code="a">El presente estudio se centra en el estudio de la figura y actividad diplomática de dos destacados embajadores de la monarquía navarra de fines del siglo XV y comienzos del XVI. Uno de ellos, Salvador de Berrio, fue el embajador residente en las Cortes del emperador Maximiliano de Austria y de su hija, Margarita de Austria, entre 1507 y 1512. El segundo, Ladrón de Mauleón, ejerció como embajador principal en las relaciones entre la monarquía navarra y Fernando el Católico, residiendo en la Corte de los Austria en años posteriores. 
Esle estudio ha sido realizado gracias a documentacion inédita. Es de gran novedad para el conocimiento de diplomáticos navarros en Baja Edad Media, especialmente de los primeros que ejercieron como residentes en otras cortes europeas.</subfield>
   </datafield>
   <datafield ind1="8" ind2=" " tag="024">
      <subfield code="a">978-84-472-3082-2</subfield>
   </datafield>
   <datafield ind1="8" ind2=" " tag="024">
      <subfield code="a">https://hdl.handle.net/20.500.14352/113414</subfield>
   </datafield>
   <datafield ind1="8" ind2=" " tag="024">
      <subfield code="a">https://editorial.us.es/es/detalle-libro/720251/la-corona-y-sus-servidores</subfield>
   </datafield>
   <datafield ind1="8" ind2=" " tag="024">
      <subfield code="a">https://editorial.us.es/es/detalle-libro/720251/la-corona-y-sus-servidores</subfield>
   </datafield>
   <datafield ind2="0" ind1="0" tag="245">
      <subfield code="a">«Engañadores» al servicio de los reyes de Navarra. Los embajadores Salvador de Berrio el «desterrado», y Ladrón de Mauleón</subfield>
   </datafield>
</record></metadata></record></GetRecord></OAI-PMH>